| 000 | 00509nam a2200181Ia 4500 | ||
|---|---|---|---|
| 008 | 220216s9999 xx 000 0 und d | ||
| 100 | _aSekhar Gopinath | ||
| 245 | 0 | _aDeprotein technology: A breakthrough to address NRL allergy | |
| 260 |
_bRubber Asia _c2004 |
||
| 300 | _a73-78 | ||
| 650 | _aCost-effective deprotein process | ||
| 650 | _aLatex protein allergy | ||
| 650 | _aNon-detectable protein | ||
| 650 | _aStandard NR latex | ||
| 700 | _aMathews Philip | ||
| 700 | _aNaik Dipak | ||
| 942 | _cJS | ||
| 999 |
_c56810 _d56810 |
||